[Event "Floripa Chess Open 2024"]
[Site "Florianopolis"]
[Date "2024.01.28"]
[Round "10.130"]
[White "Blaszkosky, Vinicius"]
[Black "Silva Rosas, Natalia"]
[Result "1/2-1/2"]
[WhiteElo "1314"]
[BlackElo "1754"]
[PlyCount "119"]
[EventDate "2024.01.20"]
[EventRounds "10"]
[EventCountry "BRA"]

1. e4 b6 2. d4 Bb7 3. Bd3 g6 4. c4 ({RR} 4. f4 f5 5. Qe2 fxe4 6. Bxe4 Bxe4 7.
Qxe4 Nc6 8. Nf3 Nf6 9. Qe2 Bg7 10. O-O O-O 11. Rd1 e6 12. c4 Qe7 13. Nc3 Rae8
14. g3 d6 15. Kg2 Qd8 16. Be3 Qa8 17. Rf1 e5 18. fxe5 dxe5 {Bologan,V (2682)
-Martin,A (2433) Birmingham 2005 1-0 (57)}) 4... Bg7 5. Nf3 d6 6. Be3 $146 ({RR
} 6. O-O Nd7 7. Nc3 e6 8. Be3 Ne7 9. Re1 h6 10. a3 g5 11. h3 Ng6 12. Bf1 O-O
13. Qc2 Qe7 14. Rad1 c5 15. d5 Nde5 16. Nh2 f5 17. exf5 exf5 18. Be2 Rae8 19.
Bh5 Qf6 20. Nb5 Re7 {Ananchenko,I (2250)-Blatny,P (2449) Pardubice 2006 0-1}) (
{RR} 6. Nc3 Nd7 7. O-O e5 8. Be3 Ne7 9. dxe5 dxe5 10. Bg5 c6 11. Bc2 h6 12. Be3
Qc7 13. c5 Rd8 14. cxb6 axb6 15. Qe2 O-O 16. Rac1 Ra8 17. Bb3 Ra5 18. Rfd1 Nc5
19. Bc2 Ne6 20. Bb3 Nf4 {Brilej,J (2217)-Van Foreest,L (2526) Tallinn EST 2019
0-1 (54)}) ({RR} 6. Nc3 e6 7. O-O Ne7 8. Be3 Nd7 9. Rc1 h6 10. b4 a5 11. a3 O-O
12. Qb3 g5 13. c5 dxc5 14. bxc5 Ba6 15. Bxa6 Rxa6 16. Rfd1 g4 17. Ne1 bxc5 18.
d5 exd5 19. Nxd5 Rd6 20. Rxc5 Nxc5 {Delaplace,T (1957)-Dujardin,F (2062) Cap
d'Agde 2008 1/2-1/2 (63)}) ({RR} 6. O-O Nf6 7. Nc3 O-O 8. h3 Nbd7 9. Bf4 Nh5
10. Bh2 c5 11. d5 Bc8 12. Re1 Re8 13. e5 dxe5 14. Nxe5 Nxe5 15. Bxe5 Nf6 16.
Nb5 Nd7 17. Bc7 a6 18. Bxd8 axb5 19. Bc7 bxc4 20. Bxc4 Ra7 {Femia,N (1826)
-Liviabella,L (1570) Torino 2012 1-0}) 6... e6 7. Qd2 Nd7 8. Nc3 c5 9. d5 exd5
10. exd5 Ne5 11. Nxe5 dxe5 12. O-O-O f5 13. f4 e4 14. Be2 Nf6 15. h3 Qd7 16. g4
O-O-O 17. g5 Ne8 18. Rdg1 Nd6 19. h4 h5 20. gxh6 Rxh6 21. b3 Qe7 22. Rg2 Qf6
23. Kc2 Rg8 24. Bf2 Kb8 25. Re1 Bc8 26. Na4 Bd7 27. Rb1 Nb7 28. Nc3 Qd6 29.
Rbg1 Be8 30. h5 Qf6 31. hxg6 Rh3 32. Rg3 Rgh8 33. Be3 Nd6 34. Bf1 Rh1 35. Be2
R8h2 36. Rxh1 Rxh1 37. Rg1 Rh3 38. Bf1 Rf3 39. Be2 Rh3 40. Bf1 Rh6 41. Qe1 Bxg6
42. Bd2 Bh5 43. Qe3 Bg4 44. Be2 Rh3 45. Rg3 Qh4 46. Rxh3 Bxh3 47. Qg1 Bg4 48.
Bxg4 fxg4 49. f5 g3 50. Ne2 Nxf5 51. Bf4+ Kc8 52. Bxg3 Qf6 53. Kd1 Qa1+ 54. Nc1
Bb2 55. Bf4 Bg7 56. Qg6 Qd4+ 57. Ke1 Qc3+ 58. Kd1 Qf3+ 59. Ne2 Qd3+ 60. Kc1
1/2-1/2

[Event "Floripa Chess Open 2024"]
[Site "Florianopolis"]
[Date "2024.01.28"]
[Round "10.131"]
[White "Silver, Fernanda Luise"]
[Black "Toffoli, Vanessa"]
[Result "1/2-1/2"]
[WhiteElo "1749"]
[BlackElo "1466"]
[PlyCount "88"]
[EventDate "2024.01.20"]
[EventRounds "10"]
[EventCountry "BRA"]

1. e4 c5 2. Nf3 d6 3. d4 cxd4 4. Nxd4 Nf6 5. Nc3 a6 6. Be2 e5 7. Nb3 Be7 8. Be3
Nbd7 9. a4 Qc7 ({RR} 9... b6 10. O-O Bb7 11. f3 Qc7 12. Rf2 O-O 13. Bf1 Rfd8
14. Rd2 Nc5 15. Nxc5 dxc5 16. Bc4 h6 17. Rxd8+ Qxd8 18. Qe2 Ne8 19. Rd1 Qc8 20.
Nd5 Bxd5 21. Rxd5 b5 22. axb5 axb5 23. Bxb5 Nd6 24. c4 {Roser,K (2409)
-Kosteniuk,A (2523) Paris 2008 1-0 (42)}) ({RR} 9... b6 10. O-O Bb7 11. f3 O-O
12. Rf2 Rc8 13. Bf1 Rc7 14. Rd2 Qa8 15. Nc1 Rd8 16. N1a2 Qc8 17. Bf2 Bf8 18.
Nb4 h6 19. Nbd5 Nxd5 20. Nxd5 Bxd5 21. exd5 g6 22. Ra3 Qb7 23. Qe2 a5 24. Rb3 {
Umetsubo,C (2396)-Cu Hor,W (2336) Badalona ESP 2019 1/2-1/2 (40)}) 10. O-O b6
$146 ({RR} 10... Rb8 11. Kh1 Nc5 12. Nxc5 dxc5 13. f4 Bd6 14. f5 b6 15. Qe1 Bb7
16. Bf3 h6 17. Qg3 Rg8 18. Rad1 Rd8 19. Qf2 Be7 20. Rxd8+ Qxd8 21. a5 Qc7 22.
axb6 Qxb6 23. b4 Qxb4 24. Rb1 Qxc3 25. Rxb7 {Seidel,J (2010)-Scharrenbroich,T 
(1394) Niederrhein 2003 1-0 (37)}) 11. Bd3 Bb7 12. Qe2 O-O 13. Rfd1 Nc5 14.
Nxc5 bxc5 15. f3 Rfc8 16. Bc4 Nd7 17. a5 Nf8 18. Nd5 Bxd5 19. Bxd5 Ra7 20. Qc4
Bf6 21. c3 Qb8 22. Rdb1 Qb5 23. b4 Qxc4 24. Bxc4 Raa8 25. b5 axb5 26. Bxb5 Bd8
27. a6 Bb6 28. Bc4 Rcb8 29. Bd5 Ra7 30. Bb7 Bc7 31. Rb5 Ne6 32. g3 Nd8 33. Rab1
Kf8 34. f4 f6 35. fxe5 fxe5 36. h4 Nxb7 37. Rxb7 Raxb7 38. Rxb7 Rxb7 39. axb7
Ke8 40. Kf1 Kd7 41. Ke2 Kc6 42. Kd3 Kxb7 43. Kc4 Kc6 44. Bg5 g6 1/2-1/2

[Event "Floripa Chess Open 2024"]
[Site "Florianopolis"]
[Date "2024.01.28"]
[Round "10.133"]
[White "Campora, Edgardo"]
[Black "Nagel, Yasmin Da Silva"]
[Result "1-0"]
[WhiteElo "1720"]
[BlackElo "1437"]
[PlyCount "115"]
[EventDate "2024.01.20"]
[EventRounds "10"]
[EventCountry "BRA"]

1. e4 e5 2. Nf3 Nc6 3. Bc4 Bc5 4. c3 Nf6 5. d3 h6 6. Nbd2 a5 ({RR} 6... d6 7.
Bb3 O-O 8. h3 d5 9. Qe2 Re8 10. Nf1 Be6 11. Bc2 b5 {1/2-1/2 (11) Komliakov,V 
(2510)-Skatchkov,P (2415) Moscow 1998}) 7. a4 ({RR} 7. Bb3 d6 8. Nc4 Be6 9. Be3
b5 10. Bxc5 bxc4 11. Ba4 Bd7 12. Ba3 cxd3 13. Qxd3 Na7 14. Bxd7+ Qxd7 15. c4
Qg4 16. O-O-O Qxe4 17. Rhe1 Qxd3 18. Rxd3 Nc6 19. c5 Nb4 20. Bxb4 axb4 21. cxd6
cxd6 {Fuentes Perez,N (1852)-Romero Saldana,S Lanzarote ESP 2018 1-0 (47)})
7... d6 8. Bb3 $146 ({RR} 8. Qb3 O-O 9. O-O Bb6 10. h3 Nh5 11. Kh2 Nf4 12. Ng1
Qg5 13. g3 Nxh3 14. Ndf3 Qh5 15. Kg2 Bg4 16. Be3 Kh8 17. Bxb6 cxb6 18. Qxb6
Rab8 19. Qc7 f5 20. exf5 Bxf5 21. Nh4 Qg4 22. Nxf5 Nf4+ {Fortuit,E-Bhatia,K 
(2030) Bruges 1999 0-1}) ({RR} 8. Nb3 Bb6 9. Bb5 O-O 10. Bxc6 bxc6 11. O-O Bg4
12. Re1 Nh7 13. Be3 f5 14. Nbd2 fxe4 15. dxe4 Qf6 16. Bxb6 cxb6 17. Rf1 Kh8 18.
c4 Ng5 19. Ra3 d5 20. cxd5 cxd5 21. Qb3 Nxf3+ 22. gxf3 Bh3 {Sagitow,K (1482)
-Rakhmanov,V (1799) Pinneberg 2007 0-1}) 8... Bg4 9. h3 Be6 10. Bc2 Ne7 11. d4
exd4 12. cxd4 Bb4 13. O-O Ng6 14. b3 Qc8 15. e5 Nh5 16. Bxg6 fxg6 17. Ne4 O-O
18. Nh4 Qe8 19. f4 Bd5 20. Qd3 Bxe4 21. Qxe4 dxe5 22. dxe5 g5 23. Ng6 Rf6 24.
Qc4+ Qe6 25. exf6 Qxc4 26. bxc4 gxf4 27. Nxf4 Nxf6 28. Bb2 Ne4 29. Nd3 Bd2 30.
Rad1 Be3+ 31. Kh2 Bb6 32. Nf4 Nd6 33. Rc1 Be3 34. Rc3 Bd4 35. Rc2 Bxb2 36. Rxb2
Nxc4 37. Rxb7 Rf8 38. Rxc7 Nb6 39. Rxg7+ Kxg7 40. Ne6+ Kh7 41. Nxf8+ Kg7 42.
Ne6+ Kg6 43. Nc5 h5 44. Rd1 Kf7 45. Rd6 Nc4 46. Rh6 Ne3 47. Rxh5 Nf1+ 48. Kg1
Ng3 49. Re5 Kf6 50. Nd3 Nf5 51. Rxf5+ Kxf5 52. Nc5 Ke5 53. Nb7 Kd5 54. Nxa5 Kc5
55. h4 Kb4 56. h5 Kxa5 57. h6 Kxa4 58. h7 1-0

[Event "Floripa Chess Open 2024"]
[Site "Florianopolis"]
[Date "2024.01.28"]
[Round "10.134"]
[White "Dos Santos, Guilherme Fortes"]
[Black "Ruvieri, Daniel Minami"]
[Result "1-0"]
[WhiteElo "1707"]
[BlackElo "1437"]
[PlyCount "93"]
[EventDate "2024.01.20"]
[EventRounds "10"]
[EventCountry "BRA"]

1. d4 Nf6 2. c4 e6 3. Bg5 b6 4. Nf3 Bb7 5. Nc3 Bb4 6. a3 Bxc3+ 7. bxc3 O-O ({RR
} 7... h6 8. Bh4 d6 9. Nd2 e5 10. f3 Nc6 11. e3 Qe7 12. d5 Na5 13. Bd3 g5 14.
Bf2 Nd7 15. e4 Nc5 16. Bxc5 dxc5 17. Nf1 O-O-O 18. Ne3 Kb8 19. O-O Bc8 20. Rb1
a6 21. Rf2 Ka7 22. Bc2 {Arun Prasad,S (2465)-Kveinys,A (2515) Gausdal 2008 1/
2-1/2 (70)}) ({RR} 7... h6 8. Bh4 g5 9. Bg3 Ne4 10. d5 Nxg3 11. hxg3 Qf6 12.
Rc1 d6 13. Nd4 Nd7 14. Nb5 Kd8 15. e3 exd5 16. cxd5 a6 17. Nd4 Bxd5 18. c4 Bb7
19. c5 Nxc5 20. Nb3 Kc8 21. a4 Nxa4 22. Qg4+ {Leonardi,C (2031)-Skuhala,B 
(2098) Maribor SLO 2019 1-0 (39)}) 8. e3 d6 9. Bxf6 $146 ({RR} 9. Nd2 Nbd7 10.
f3 d5 11. Bd3 Qe8 12. O-O h6 13. Bh4 e5 14. Qc2 exd4 15. exd4 dxc4 16. Nxc4 Ba6
17. Rfe1 Qc8 18. Qb3 g5 19. Bg3 Qb7 20. Re7 Rae8 21. Rae1 Qc8 22. Bf5 Rxe7 23.
Rxe7 Qd8 {Schulz,N-Schoenherr,P Berlin 1999 1-0 (45)}) ({RR} 9. Bd3 Nbd7 10.
O-O h6 11. Bh4 Qe8 12. Nd2 e5 13. Bc2 d5 14. Qf3 Rb8 15. Qf5 g6 16. Qh3 Kg7 17.
f4 e4 18. cxd5 Bxd5 19. c4 Be6 20. f5 Bxf5 21. Rxf5 gxf5 22. Rf1 Rg8 23. Rxf5
Qe6 {Smith,O (2026)-Winkelmann,E (2119) London 2009 1-0 (40)}) ({RR} 9. Bd3
Nbd7 10. Qc2 h6 11. Bh4 e5 12. d5 Qe8 13. e4 Nh5 14. Bg3 Nc5 15. Nd2 Ba6 16.
Be2 Nf6 17. f3 c6 18. Nb3 Nxb3 19. Qxb3 cxd5 20. cxd5 Bxe2 21. Kxe2 Rc8 22.
Rhc1 Nh5 23. Rf1 f5 {Bok,T (1760)-Premus,J (1905) Ostrava 2009 0-1 (31)}) 9...
Qxf6 10. Be2 c5 11. O-O Nc6 12. Qc2 Rac8 13. d5 Na5 14. e4 e5 15. Nd2 Rce8 16.
Nb3 Nxb3 17. Qxb3 Qg5 18. Qc2 f5 19. exf5 Qxf5 20. Qxf5 Rxf5 21. Bd3 Rf4 22. f3
Ref8 23. Rfe1 Ba6 24. Re4 Rxe4 25. fxe4 Kf7 26. a4 Ke7 27. a5 Ra8 28. axb6 axb6
29. Rb1 Rb8 30. Kf2 Kd7 31. Ke3 Kc7 32. Rf1 Rd8 33. Be2 Rd7 34. h4 Kd8 35. Rf8+
Ke7 36. Ra8 Bb7 37. Rb8 Kf6 38. Bg4 Rc7 39. Be6 Ke7 40. g4 h6 41. g5 hxg5 42.
hxg5 Bc6 43. Rg8 Be8 44. Rxg7+ Kd8 45. Rg8 Re7 46. g6 Kc7 47. g7 1-0

[Event "Floripa Chess Open 2024"]
[Site "Florianopolis"]
[Date "2024.01.28"]
[Round "10.135"]
[White "Conor, Gilberto Bordignon"]
[Black "Martins, Joao Fernandes"]
[Result "1-0"]
[WhiteElo "1704"]
[BlackElo "1426"]
[PlyCount "112"]
[EventDate "2024.01.20"]
[EventRounds "10"]
[EventCountry "BRA"]

1. e4 c6 2. d4 d5 3. Nd2 dxe4 4. Nxe4 Nf6 5. Nxf6+ exf6 6. Be3 Bd6 7. Bd3 O-O
8. Qh5 ({RR} 8. Ne2 Na6 9. O-O Nc7 10. c4 Re8 11. Qc2 g6 12. Rad1 Be6 13. Nc3
Bf8 14. Bf4 Rc8 15. Rfe1 Qd7 16. Ne4 Qd8 17. Nc5 b6 18. Ne4 h6 19. Qd2 f5 20.
Nc3 Qxd4 21. Bxh6 Bxh6 22. Qxh6 Qf6 {So,W (2772)-Caruana,F (2791) chess.com
INT 2021 1-0 (71)}) ({RR} 8. Nf3 Re8 9. O-O Be6 10. c4 Nd7 11. Qc2 Nf8 12. Rad1
Rc8 13. b3 Bb8 14. Rfe1 Bg4 15. Be4 Qc7 16. g3 f5 {0-1 (16) Vidruska,R (2029)
-Bugayev,V chess.com INT 2021}) 8... g6 9. Qf3 Re8 10. O-O-O $146 ({RR} 10. Ne2
Be6 11. Nf4 Bf5 12. Nh5 Qa5+ 13. Kd1 Nd7 14. Bxf5 Qxf5 15. Qxf5 gxf5 16. Kd2
Re6 17. c4 Rae8 18. c5 f4 19. cxd6 fxe3+ 20. fxe3 Rxe3 21. Rae1 R3e4 22. Rxe4
Rxe4 23. Re1 Rxd4+ 24. Kc3 Rxd6 {Nyysti,S (2245)-Hansen,V (2151) Helsinki 2002
1/2-1/2 (52)}) 10... Be6 11. c4 Bf8 12. Ne2 Bg7 13. Nf4 f5 14. d5 cxd5 15. cxd5
Qf6 16. Rd2 Bd7 17. Ne2 Na6 18. Bd4 Rac8+ 19. Kd1 Qd6 20. Bxg7 Kxg7 21. Bxa6
Qxa6 22. Nc3 Ba4+ 23. Kc1 b5 24. Kb1 b4 25. Nxa4 Qxa4 26. d6 Qd7 27. Qf4 Re4
28. Qg3 Qe6 29. Qd3 Qd7 30. f3 Re6 31. Qd4+ f6 32. Qxb4 Rc6 33. Rhd1 Rb6 34.
Qa3 Re8 35. Rc2 Rb7 36. Qa5 Kh6 37. Rc7 Rxc7 38. Qxc7 Qxc7 39. dxc7 Rc8 40. Rc1
Kg7 41. a4 Kf7 42. b4 Ke7 43. Kb2 Kd7 44. Kb3 Rxc7 45. Rxc7+ Kxc7 46. Kc4 Kc6
47. f4 a6 48. g3 g5 49. b5+ axb5+ 50. axb5+ Kb6 51. Kd5 gxf4 52. gxf4 Kxb5 53.
Ke6 Kc6 54. Kxf5 Kd7 55. Kxf6 Ke8 56. Kg7 Ke7 1-0

[Event "Floripa Chess Open 2024"]
[Site "Florianopolis"]
[Date "2024.01.28"]
[Round "10.136"]
[White "Dias, Matheus Nunes"]
[Black "Altenhofen, Guilherme Graneto"]
[Result "0-1"]
[WhiteElo "1684"]
[BlackElo "1425"]
[PlyCount "70"]
[EventDate "2024.01.20"]
[EventRounds "10"]
[EventCountry "BRA"]

1. d4 Nf6 2. c4 g6 3. Nc3 Bg7 4. e4 d6 5. Nf3 O-O 6. Be2 e5 7. O-O Nc6 8. d5
Ne7 9. b4 Ne8 10. Ne1 f5 11. f3 ({RR} 11. Bd2 Kh8 12. f3 Ng8 13. Nd3 f4 14. g4
h5 15. Be1 Nh6 16. h3 Bf6 17. Kg2 Rf7 18. Rh1 Rh7 19. c5 Qe7 20. Bf2 Bh4 21.
Bxh4 Qxh4 22. Qe1 Qe7 23. Qf2 Nf7 24. Nb5 a6 25. Na3 Ng5 {Halasz,T (2365)
-Pirisi,G (2365) Budapest 1997 0-1 (77)}) ({RR} 11. Nd3 Nf6 12. f3 f4 13. c5 g5
14. Bd2 Ng6 15. Rc1 Rf7 16. cxd6 cxd6 17. Qc2 Rc7 18. Qb3 g4 19. Rc2 g3 20. h3
Bxh3 21. gxh3 Qd7 22. Nf2 gxf2+ 23. Rxf2 Qxh3 24. Rh2 Qc8 25. Bf1 Kh8 {Perez
Torres,N (2015)-Taichman,O (2293) chess.com INT 2021 0-1 (50)}) 11... f4 12. g4
({RR} 12. Nd3 g5 13. g4 fxg3 14. hxg3 Ng6 15. Be3 Rf7 16. Qd2 Bf6 17. Kg2 h5
18. Rh1 Rh7 19. Rh2 a5 20. b5 b6 21. Rah1 Ng7 22. Kf1 Qe7 23. Ke1 Bd7 24. Nf2
Rh8 25. Nh3 Bxh3 26. Rxh3 h4 {Sabirov,A-Gafner,E Ufa 1999 1-0 (51)}) ({RR} 12.
Nd3 g5 13. g4 fxg3 14. hxg3 Ng6 15. Be3 h5 16. Qd2 Bf6 17. f4 exf4 18. gxf4 g4
19. e5 Bg7 20. e6 Qh4 21. Ne4 g3 22. Bf3 Nxf4 23. Nxf4 Rxf4 24. Rae1 Rxe4 25.
Bxe4 Qxe4 26. Rf4 Qg6 {Siembab,B (2275)-Kourek,J (2133) Czechia 2012 1-0 (34)})
12... g5 13. Nd3 h5 $146 14. h3 hxg4 15. hxg4 Kf7 16. c5 Rh8 17. Bd2 Ng6 18.
Qb3 Nh4 19. Rac1 a6 20. b5 Nf6 21. cxd6 cxd6 22. b6 Nxf3+ 23. Bxf3 Bxg4 24. Na4
Bxf3 25. Rxf3 Rc8 26. Nxe5+ dxe5 27. d6+ Kg6 28. Qe6 Rxc1+ 29. Bxc1 Qc8 30.
Qxc8 Rxc8 31. Rc3 Rxc3 32. Nxc3 Bf8 33. Ba3 Kf7 34. Na4 Nd7 35. Nb2 Nxb6 0-1

[Event "Floripa Chess Open 2024"]
[Site "Florianopolis"]
[Date "2024.01.28"]
[Round "10.137"]
[White "Setti, Dalmarino"]
[Black "Santos, Humberto Robson"]
[Result "1-0"]
[WhiteElo "1664"]
[BlackElo "1322"]
[PlyCount "77"]
[EventDate "2024.01.20"]
[EventRounds "10"]
[EventCountry "BRA"]

1. e4 e5 2. Bc4 Nf6 3. d3 Bc5 4. Nf3 d6 5. c3 Be6 ({RR} 5... a6 6. O-O Ba7 7.
Re1 O-O 8. h3 h6 9. Bb3 Re8 10. Nbd2 Be6 11. Bc2 Nc6 12. Nf1 d5 13. Bd2 Qd7 14.
N3h2 Rad8 15. Qf3 Qe7 16. Rad1 Rd7 17. Ng3 dxe4 18. dxe4 Red8 19. Nhf1 Nh7 20.
Nf5 {Movsesian,S (2723)-Kramnik,V (2788) Moscow 2008 1-0 (42)}) 6. Bb5+ ({RR} 
6. Bxe6 fxe6 7. Qb3 Qc8 8. O-O c6 9. d4 exd4 10. cxd4 Bb6 11. e5 dxe5 12. dxe5
Nd5 13. Ng5 Qd7 14. Qh3 Bd4 15. Nxe6 Bxe5 16. Re1 Nf6 17. Nc3 Qd6 18. Nxg7+ Kf7
19. Nf5 Qc7 20. Nh6+ Kf8 {Selkovski,Z (1905)-Kjosev,S (1288) Skopje MKD 2018
1-0 (36)}) 6... c6 7. Ba4 h6 $146 ({RR} 7... Nbd7 8. Nbd2 Qb6 9. Qe2 Qa6 10.
Bc2 O-O 11. O-O Rfe8 12. Nb3 Bg4 13. Nxc5 Nxc5 14. Re1 d5 15. h3 dxe4 16. dxe4
Qxe2 17. Rxe2 Bxf3 18. gxf3 Rad8 19. Rd2 Nh5 20. Rxd8 Rxd8 21. Be3 Ne6 22. Rd1
{Vollak,M (1701)-Benzen,M (1547) Willingen 2005 1-0 (48)}) ({RR} 7... O-O 8.
O-O Nbd7 9. Re1 Qc7 10. Qe2 Bg4 11. Nbd2 d5 12. Nf1 d4 13. Bc2 Rad8 14. h3 Bxf3
15. Qxf3 b5 16. Ng3 dxc3 17. bxc3 b4 18. c4 Bd4 19. Rb1 Qa5 20. Bb3 Nc5 21. Bg5
Nxd3 22. Bxf6 {Nguyen Minh,T (1975)-Denkert,A (1608) Germany 2013 1-0 (32)}) 8.
Nbd2 Nbd7 9. O-O a6 10. Qe2 Ba7 11. Bc2 Bg4 12. Nc4 Nb6 13. Ne3 h5 14. h3 Be6
15. d4 Qc7 16. dxe5 dxe5 17. Rd1 Nfd7 18. b3 O-O-O 19. Ba3 f6 20. Bd6 g5 21.
Bxc7 Kxc7 22. Ne1 h4 23. Nf5 Rdg8 24. f3 Nd5+ 25. Kh1 Nf4 26. Qf1 Nh5 27. Qd3
Bxf5 28. exf5 Rg7 29. Qd6+ Kc8 30. Nd3 e4 31. Nb4 Ng3+ 32. Kh2 Nxf5 33. Qe6 Ng3
34. Nxc6 bxc6 35. Qxc6+ Kb8 36. Rxd7 Rxd7 37. Qxd7 e3 38. Bd3 Rc8 39. Bxa6 1-0

[Event "Floripa Chess Open 2024"]
[Site "Florianopolis"]
[Date "2024.01.28"]
[Round "10.138"]
[White "Kerr, Carter"]
[Black "Moura, Bernardo Lalane Mas"]
[Result "1-0"]
[WhiteElo "1624"]
[BlackElo "1327"]
[PlyCount "67"]
[EventDate "2024.01.20"]
[EventRounds "10"]
[EventCountry "BRA"]

1. e4 c5 2. Nf3 d6 3. Nc3 Nf6 4. d4 cxd4 5. Nxd4 a6 6. Be3 e5 7. Nb3 Be6 8. Bd3
Be7 ({RR} 8... Nc6 9. O-O Be7 10. h3 O-O 11. f4 exf4 12. Bxf4 g6 13. a4 d5 14.
e5 Nd7 15. Qe2 Bg5 16. Bh2 Qc7 17. Rae1 Rae8 18. Kh1 Bh4 19. Rd1 Ndxe5 20. Nd4
Nxd4 21. Qxe5 Qxe5 22. Bxe5 Nc6 23. Bc7 {Arnaudov,P (2120)-Petkov,V (2345)
Plovdiv 2004 0-1 (56)}) 9. O-O ({RR} 9. h3 Nc6 10. O-O O-O 11. Qd2 d5 12. exd5
Nxd5 13. Nxd5 Bxd5 14. Rfd1 Nb4 15. Nc5 Nxd3 16. Qxd3 Bc6 17. Qe2 Qc8 18. Nd3
Bf6 19. Rab1 Bb5 20. Qd2 Rd8 21. Qc1 Rd7 22. b3 Qc3 23. Nc5 Rc7 {Yao,X-Li,J
Changsha CHN 2019 0-1 (42)}) 9... Nbd7 10. h3 d5 $146 ({RR} 10... O-O 11. f4
Qc7 12. Qf3 b5 13. f5 Bc4 14. Nd2 Nb6 15. Qf2 Nfd7 16. Rac1 f6 17. Qg3 Rfc8 18.
h4 Bf7 19. Qh3 Nc5 20. a3 d5 21. exd5 Bxd5 22. Nde4 Nxe4 23. Nxd5 Nxd5 24. Bxe4
Nxe3 25. Bxa8 {Priyadharshini,D (1726)-Saranya,J (2121) New Delhi 2010 0-1 (38)
}) ({RR} 10... O-O 11. f4 exf4 12. Bxf4 Ne5 13. Nd4 Nfd7 14. Kh1 Bg5 15. Nf5
Bxf4 16. Rxf4 Bxf5 17. exf5 Nf6 18. Ne4 d5 19. Nxf6+ Qxf6 20. Rf1 Rfe8 21. Qd2
Rad8 22. Rae1 h6 23. b3 b5 24. Re2 Re7 25. Rfe1 {Yildirim,F-Gomes,M (2126)
Denizli 2003 0-1}) ({RR} 10... O-O 11. f4 exf4 12. Bxf4 Ne5 13. Nc1 Rc8 14. Be3
Qc7 15. Bd4 Nxd3 16. cxd3 Qa5 17. a3 Qg5 18. Qf3 Nh5 19. N1e2 f5 20. Be3 Qg6
21. Nd4 fxe4 22. Qxe4 Rxf1+ 23. Rxf1 Qxe4 24. Nxe4 Bd7 25. Nf5 {Esenov,A-Son,O
Istanbul 1998 0-1 (60)}) 11. exd5 Nxd5 12. Nxd5 Bxd5 13. Bb5 Be6 14. Bxd7+ Bxd7
15. Nc5 Bc6 16. Qxd8+ Rxd8 17. Rad1 O-O 18. c4 Rxd1 19. Rxd1 Rd8 20. Rxd8+ Bxd8
21. b4 Be7 22. b5 Bxc5 23. bxc6 Bd6 24. cxb7 Bb8 25. c5 Kf8 26. c6 Ke7 27. Ba7
Bc7 28. b8=Q Bxb8 29. Bxb8 f6 30. Kf1 Kd8 31. Ke2 Kc8 32. c7 f5 33. Ke3 g6 34.
f3 1-0

[Event "Floripa Chess Open 2024"]
[Site "Florianopolis"]
[Date "2024.01.28"]
[Round "10.139"]
[White "Franzen, Mark Scheer"]
[Black "Santos, Caua Lopes"]
[Result "0-1"]
[WhiteElo "1596"]
[BlackElo "1290"]
[PlyCount "116"]
[EventDate "2024.01.20"]
[EventRounds "10"]
[EventCountry "BRA"]

1. e4 e6 2. Nf3 d5 3. e5 c5 4. b4 cxb4 5. a3 Nc6 6. axb4 Bxb4 7. c3 Be7 8. d4
f6 ({RR} 8... h5 9. h4 Nh6 10. Bd3 Nf5 11. Na3 a6 12. Bg5 Rb8 13. Nc2 b5 14.
Ne3 Rb6 15. Qb3 g6 16. Bxf5 gxf5 17. O-O Bxg5 18. Nxg5 Ne7 19. g3 Ng6 20. Nc2
Qc7 21. Nb4 Qc4 22. Qb2 f4 23. Qd2 {Sedlak,N (2575)-Stojanovic,M (2588)
Vogosca 2007 0-1 (60)}) 9. Bb5 Bd7 10. O-O Nxe5 $146 ({RR} 10... f5 11. Bd3 Nh6
12. Bxh6 gxh6 13. Nfd2 O-O 14. Qh5 Rf7 15. f4 Bf8 16. Rf3 Qe7 17. Na3 a6 18.
Nb5 Rg7 19. Nd6 Bc8 20. Nb3 Rg6 21. Nc5 Qg7 22. Ra2 b6 23. Ne8 Qf7 24. Nf6+
Rxf6 25. Rg3+ {Makhmudov,S (2115)-Sviridova,V (2144) chess.com INT 2021 0-1 
(54)}) 11. Nxe5 fxe5 12. Bxd7+ Qxd7 13. Qh5+ g6 14. Qxe5 Bf6 15. Qe2 Ne7 16.
Bh6 Nf5 17. Bf4 Kf7 18. Nd2 Nd6 19. Nf3 Ne4 20. Ne5+ Bxe5 21. Bxe5 Rhc8 22.
Rfc1 Qc6 23. Ra3 Ke7 24. Qf3 Rf8 25. Qg4 Kd7 26. Qh4 h5 27. f3 Nd6 28. Qg5 Nf7
29. Qxg6 Nxe5 30. dxe5 Qc5+ 31. Kf1 Qxa3 32. Rb1 Qa6+ 33. Kf2 Qa2+ 34. Ke1 b6
35. Qg7+ Kc6 36. Qg6 Rae8 37. Qd3 Qc4 38. Qc2 d4 39. Qe4+ Qd5 40. Qe2 d3 41.
Qe3 d2+ 42. Kd1 Rd8 43. Qe2 Qd3 44. Qxd3 Rxd3 45. Rb4 Rfd8 46. Rb2 Rxc3 47.
Rxd2 Rxd2+ 48. Kxd2 Rc5 49. f4 a5 50. h3 a4 51. g4 hxg4 52. hxg4 a3 53. g5 a2
54. g6 a1=Q 55. g7 Qc3+ 56. Ke2 Qc2+ 57. Ke1 Qh7 58. g8=Q Qxg8 0-1

[Event "Floripa Chess Open 2024"]
[Site "Florianopolis"]
[Date "2024.01.28"]
[Round "10.140"]
[White "Lahoz, Cassiano"]
[Black "Poli, Maria Luiza De Oliv"]
[Result "1/2-1/2"]
[WhiteElo "1592"]
[BlackElo "1171"]
[PlyCount "94"]
[EventDate "2024.01.20"]
[EventRounds "10"]
[EventCountry "BRA"]

1. e4 e5 2. Nf3 Nc6 3. Bb5 a6 4. Ba4 b5 5. Bb3 Nf6 6. d3 h6 7. c3 Bc5 8. O-O d6
9. h3 O-O 10. Re1 Qe7 ({RR} 10... Re8 11. Nbd2 Be6 12. Bc2 d5 13. exd5 Bxd5 14.
b4 Bf8 15. a4 g6 16. Qe2 Bg7 17. Ne4 Nxe4 18. dxe4 Bc4 19. Qe3 Qe7 20. Nd2 Be6
21. Bd3 Rab8 22. axb5 axb5 23. Qe2 Bd7 24. Nb3 Nd8 25. Be3 {Caruana,F (2828)
-Harikrishna,P (2726) Saint Louis USA 2019 0-1 (61)}) ({RR} 10... Bb6 11. Nbd2
Ne7 12. Nf1 Ng6 13. Ng3 Re8 14. Be3 Bxe3 15. fxe3 Bb7 16. Rf1 d5 17. Nd2 Re6
18. Qf3 c5 19. exd5 Bxd5 20. Bxd5 Qxd5 21. Nde4 Rd8 22. Nxf6+ Rxf6 23. Qxd5
Rxf1+ 24. Kxf1 Rxd5 25. Ke2 {Emms,J (2481)-Tan,J (2513) Torquay ENG 2019 1/2-1/
2 (45)}) 11. Be3 $146 ({RR} 11. Nbd2 Be6 12. Nf1 Bxb3 {1/2-1/2 (12) Kanovsky,D
(2419)-Biolek,R (2446) Czechia 2015}) 11... Bxe3 12. Rxe3 Nh7 13. d4 Kh8 14.
dxe5 Nxe5 15. Nbd2 Ng5 16. Nxg5 Qxg5 17. Rg3 Qf4 18. Nf3 Nxf3+ 19. Rxf3 Qe5 20.
Rxf7 Be6 21. Bxe6 Qxe6 22. Rxf8+ Rxf8 23. Qd4 c5 24. Qd3 Re8 25. f3 Qe5 26. Rd1
Rd8 27. Qd5 Qxd5 28. Rxd5 Kg8 29. e5 Kf7 30. exd6 Ke6 31. Rxc5 Rxd6 32. a4 bxa4
33. Ra5 Rd1+ 34. Kh2 Ra1 35. Rxa6+ Kd5 36. Rb6 Kc4 37. f4 a3 38. bxa3 Rxa3 39.
Rc6+ Kd3 40. Kg3 Rxc3 41. Rxc3+ Kxc3 42. Kg4 Kd3 43. Kf5 Ke3 44. g4 Kf3 45. h4
Kg3 46. g5 h5 47. Kg6 Kxh4 1/2-1/2